| 000 | 01458nam0a22002651 4500 | ||
|---|---|---|---|
| 001 | rc\2916605 | ||
| 005 | 20250529223554.0 | ||
| 035 | _a(NLR Aleph) 007067000 | ||
| 090 |
_a6342474 _c6342474 |
||
| 100 | _a20080121d1934 |||y0rusy50 ca | ||
| 101 | 0 | _arus | |
| 102 | _aRU | ||
| 105 | _aa z ||||y | ||
| 200 | 1 |
_aСборник программ по специальным дисциплинам гидротехнической специальности ( с уклонами по речным и морским сооружениям) институтов инженеров водного транспорта _fПрограммы сост. Ленингр. ин-том инж. водного транспорта, ред. проф. Колиновичем Б.Ю. и Ляхницким Б.Е. _gНар. ком. вод. трансп. Отд. подготовки кадров |
|
| 210 |
_aМосква _cВодный транспорт _d1934 _gстеклогр. ЦТС ОАХ СССР |
||
| 215 |
_aОбл., [1], 87 с., без т. л. _cчерт. _d29х21 см |
||
| 300 | _aСтеклогр. изд. | ||
| 702 | 1 |
_aКалинович _bБ.Ю. _gБорис Юлианович _4340 |
|
| 702 | 1 |
_aЛяхницкий _bБ.Е. _4340 |
|
| 710 | 0 | 2 | _aЛенинградский институт инженеров водного транспорта |
| 801 | 0 |
_aRU _bNLR _gpsbo |
|
| 801 | 1 |
_aRU _bELAR _2rusmarc |
|
| 852 |
_aNLR _j34-13/912 |
||
| 942 | _cBOOK | ||
| 980 | _aNB | ||